[Event "ITT Semana Santa 2012"]
[Site "Diario abc color"]
[Date "2012.04.07"]
[Round "8.2"]
[White "Peralta, Eduardo"]
[Black "Villalba, Marcelo"]
[Result "1/2-1/2"]
[WhiteElo "2265"]
[BlackElo "2213"]
[PlyCount "26"]
[EventDate "2012.04.02"]

1. Nf3 Nf6 2. c4 g6 3. g3 Bg7 4. Bg2 O-O 5. O-O c6 6. Nc3 d5 7. d4 e6 8. Qb3
Qb6 9. Bf4 Re8 10. c5 Qxb3 11. axb3 Na6 12. Ra4 Nh5 13. Bd6 Bf8 1/2-1/2

[Event "ITT Semana Santa 2012"]
[Site "Diario abc color"]
[Date "2012.04.07"]
[Round "8.4"]
[White "Latorre, Matias"]
[Black "Vazquez, Guillermo"]
[Result "0-1"]
[WhiteElo "2252"]
[BlackElo "2296"]
[PlyCount "132"]
[EventDate "2012.04.02"]

1. c4 f5 2. g3 Nf6 3. Bg2 g6 4. Nc3 Bg7 5. d3 d6 6. e4 O-O 7. Nge2 e5 8. Nd5
Be6 9. O-O Nc6 10. Bg5 Qd7 11. Qd2 Nh5 12. Rae1 Rf7 13. exf5 Bxf5 14. b4 Nd8
15. d4 c6 16. Ndc3 exd4 17. Nxd4 Bxd4 18. Qxd4 Ne6 19. Rxe6 Bxe6 20. Ne4 Bxc4
21. Rd1 Bd5 22. Bc1 Raf8 23. Bb2 Ng7 24. Ng5 Rf5 25. Bh3 h6 26. Ne4 Bxe4 27.
Qxe4 Qf7 28. Qd4 Rd5 29. Be6 Rxd4 30. Bxf7+ Kxf7 31. Bxd4 d5 32. Bxa7 Ra8 33.
Be3 Nf5 34. Rd2 Nxe3 35. fxe3 Kf6 36. Kf2 Ke5 37. Kf3 Ra4 38. Rd4 Rxa2 39. Rh4
h5 40. g4 Kf6 41. gxh5 g5 42. Rh3 Kf5 43. Kg3 Ra3 44. Kf2 Kg4 45. Rg3+ Kxh5 46.
b5 cxb5 47. Rh3+ Kg4 48. Rh7 Ra2+ 49. Ke1 Kf3 50. h4 g4 51. h5 g3 52. Rf7+ Kxe3
53. Re7+ Kd3 54. Kf1 Rh2 55. Rxb7 Rxh5 56. Rxb5 Re5 57. Rb3+ Kc2 58. Rxg3 Rf5+
59. Kg1 d4 60. Rg2+ Kc3 61. Rg8 d3 62. Rc8+ Kd2 63. Kg2 Ke2 64. Re8+ Kd1 65.
Kg3 d2 66. Kg4 Rc5 0-1

[Event "ITT Semana Santa 2012"]
[Site "Diario abc color"]
[Date "2012.04.07"]
[Round "8.5"]
[White "Salinas Herrera, Pablo"]
[Black "Garcia, Raimundo"]
[Result "1-0"]
[WhiteElo "2366"]
[BlackElo "2338"]
[PlyCount "89"]
[EventDate "2012.04.02"]

1. e4 c5 2. Nf3 Nc6 3. d4 cxd4 4. Nxd4 g6 5. c4 Bg7 6. Be3 Nh6 7. Nc3 O-O 8.
Be2 f5 9. exf5 Bxd4 10. Bxd4 Nxf5 11. Bc5 d6 12. Ba3 Nfd4 13. O-O Bf5 14. Rc1
Qd7 15. Nd5 Rf7 16. b3 Raf8 17. Bb2 e5 18. Ne3 Be6 19. Bd3 Rf4 20. f3 Qg7 21.
Qd2 Rh4 22. Rf2 Rhf4 23. b4 g5 24. b5 Ne7 25. Rcf1 b6 26. Be4 Rc8 27. g3 Rff8
28. Qd3 Bh3 29. Rd1 Ne6 30. Qxd6 Rfd8 31. Qxe5 Rxd1+ 32. Nxd1 Qxe5 33. Bxe5
Rxc4 34. Rc2 Rxc2 35. Bxc2 Nc5 36. g4 Nd5 37. Nf2 Bf1 38. Bxh7+ Kxh7 39. Kxf1
Nb4 40. Ke2 Nxa2 41. Nd3 Nxd3 42. Kxd3 a6 43. bxa6 Nb4+ 44. Kc4 Nxa6 45. Bd6
1-0

[Event "ITT Semana Santa 2012"]
[Site "Diario abc color"]
[Date "2012.04.08"]
[Round "9.1"]
[White "Garcia, Raimundo"]
[Black "Mendez, Ernesto"]
[Result "1/2-1/2"]
[WhiteElo "2338"]
[BlackElo "2358"]
[PlyCount "28"]
[EventDate "2012.04.02"]

1. d4 d5 2. c4 e6 3. Nc3 Nf6 4. Nf3 Be7 5. Bg5 h6 6. Bxf6 Bxf6 7. e3 O-O 8. Rc1
c6 9. Bd3 dxc4 10. Bxc4 Nd7 11. O-O e5 12. Ne4 exd4 13. Nxf6+ Qxf6 14. Qxd4
Qxd4 1/2-1/2

[Event "ITT Semana Santa 2012"]
[Site "Diario abc color"]
[Date "2012.04.08"]
[Round "9.2"]
[White "Vazquez, Guillermo"]
[Black "Salinas Herrera, Pablo"]
[Result "0-1"]
[WhiteElo "2296"]
[BlackElo "2366"]
[PlyCount "92"]
[EventDate "2012.04.02"]

1. e4 c5 2. Nf3 e6 3. Nc3 a6 4. g3 d6 5. Bg2 Nf6 6. O-O Nc6 7. d3 Be7 8. Ng5 h6
9. Nh3 Qc7 10. f4 Bd7 11. a3 Nd4 12. Be3 Bc6 13. Nb1 Qb6 14. Ra2 d5 15. Nd2
dxe4 16. dxe4 Rd8 17. c3 Nb5 18. Qe2 Qc7 19. a4 Na7 20. Nf2 Nc8 21. Nc4 b6 22.
Qc2 Bb7 23. Qe2 h5 24. b4 Nd7 25. Rc1 h4 26. g4 h3 27. Bf3 Nd6 28. Nxd6+ Bxd6
29. e5 Be7 30. Nd3 Bxf3 31. Qxf3 Nf8 32. Nf2 g5 33. fxg5 Ng6 34. Bf4 c4 35. Re1
a5 36. b5 Bc5 37. Be3 Rd5 38. Bxc5 Qxc5 39. Rae2 Rh4 40. Kf1 Nxe5 41. Qg3 Rxg4
42. Qxh3 Rf4 43. Kg2 Ng6 44. Ne4 Qc7 45. Kh1 Rd3 46. Re3 Rxe4 0-1

[Event "ITT Semana Santa 2012"]
[Site "Diario abc color"]
[Date "2012.04.08"]
[Round "9.5"]
[White "Rego, Vinicius V  De Alme"]
[Black "Peralta, Eduardo"]
[Result "1/2-1/2"]
[WhiteElo "2274"]
[BlackElo "2265"]
[PlyCount "95"]
[EventDate "2012.04.02"]

1. d4 Nf6 2. c4 g6 3. Nc3 Bg7 4. e4 d6 5. Nf3 O-O 6. Be2 c5 7. d5 e5 8. O-O
Nbd7 9. Ne1 Ne8 10. Nd3 f5 11. a3 Ndf6 12. f3 f4 13. b4 b6 14. Bd2 Rf7 15. bxc5
bxc5 16. Rb1 Bf8 17. Nf2 g5 18. Nb5 h5 19. h3 Rg7 20. Rb3 Bd7 21. Qc2 g4 22.
fxg4 hxg4 23. hxg4 Nxg4 24. Bxg4 Bxg4 25. Nxg4 Rxg4 26. Rh3 a6 27. Nc3 Ra7 28.
Rh2 Rag7 29. Be1 Qg5 30. Rf3 Qg6 31. Qe2 Nf6 32. Rfh3 Be7 33. Qf3 Rh7 34. Bh4
Rhxh4 35. Rxh4 Rg3 36. Qf2 Rxc3 37. Qb2 Re3 38. R2h3 Rxh3 39. Rxh3 Qxe4 40.
Qb8+ Kf7 41. Qc8 Kg6 42. Qe6 Qe1+ 43. Kh2 Kg5 44. Qxe7 Kf5 45. Qf7 Kg5 46. Qg7+
Kf5 47. Qf7 Kg5 48. Qg7+ 1/2-1/2

[Event "ITT Semana Santa 2012"]
[Site "Diario abc color"]
[Date "2012.04.08"]
[Round "9.3"]
[White "Valiente, Cristobal"]
[Black "Latorre, Matias"]
[Result "1-0"]
[WhiteElo "2257"]
[BlackElo "2252"]
[PlyCount "99"]
[EventDate "2012.04.02"]

1. e4 e6 2. d4 d5 3. Nc3 Bb4 4. exd5 exd5 5. Bd3 Nf6 6. Nge2 Bg4 7. h3 Bh5 8.
Be3 Nbd7 9. a3 Bxc3+ 10. bxc3 O-O 11. Qb1 Bxe2 12. Kxe2 b6 13. c4 Re8 14. Rd1
c5 15. Kf1 cxd4 16. Bxd4 Qc7 17. cxd5 Qh2 18. f3 Nxd5 19. Bg1 Ne3+ 20. Bxe3
Rxe3 21. Be4 Rxe4 22. fxe4 Nf6 23. Re1 Rd8 24. Qb4 a5 25. Qc3 Nh5 26. Rad1 Re8
27. Qf3 g6 28. Rd7 Rf8 29. e5 Ng3+ 30. Kf2 Nf5 31. Kf1 Rc8 32. Qd3 Nh4 33. Qd5
Qf4+ 34. Kg1 Rxc2 35. Rf1 Rxg2+ 36. Qxg2 Nxg2 37. Rxf4 Nxf4 38. Rb7 Nxh3+ 39.
Kf1 Nf4 40. Rxb6 h5 41. Ra6 Kf8 42. Rxa5 Ke7 43. Rb5 Kd7 44. Rb7+ Ke6 45. a4
Kxe5 46. a5 Kd6 47. a6 Kc6 48. Rxf7 Nd5 49. a7 Nb6 50. Rf6+ 1-0

[Event "ITT Semana Santa 2012"]
[Site "Diario abc color"]
[Date "2012.04.07"]
[Round "8.1"]
[White "Mendez, Ernesto"]
[Black "Rego, Vinicius V  De Alme"]
[Result "1-0"]
[WhiteElo "2358"]
[BlackElo "2274"]
[PlyCount "85"]
[EventDate "2012.04.02"]

1. d4 Nf6 2. c4 c5 3. d5 b5 4. cxb5 e6 5. Nc3 exd5 6. Nxd5 Bb7 7. e4 a6 8. bxa6
Nxa6 9. Bc4 Nxd5 10. exd5 Bd6 11. Nf3 Qe7+ 12. Be3 Qe4 13. Rc1 Nb4 14. O-O O-O
15. a3 Nxd5 16. Bxd5 Qxd5 17. Qxd5 Bxd5 18. Rfd1 Bxf3 19. Rxd6 Bc6 20. Bxc5
Rfb8 21. Bb4 Rb5 22. f3 f6 23. Re1 Kf7 24. Kf2 Rf5 25. Rd3 h5 26. Re7+ Kg6 27.
h3 Bb5 28. Rde3 Rc8 29. Bc3 Ba4 30. g4 Rd5 31. Kg3 Rc4 32. Re8 Bc2 33. R3e7
hxg4 34. hxg4 Rg5 35. f4 Rd5 36. f5+ Bxf5 37. gxf5+ Rxf5 38. Rxd7 Rcf4 39. Re3
Rf1 40. Rd2 Rg1+ 41. Kh2 Rfg5 42. Ree2 R1g4 43. Rg2 1-0